| 000 | 01483nam a2200301 4500 | ||
|---|---|---|---|
| 003 | CO-CtgCURN | ||
| 005 | 20250329165428.0 | ||
| 008 | 160531s2006 000 0 eng d | ||
| 040 |
_aCO-CtgCURN _bspa _ccoctgcurn |
||
| 082 | 0 |
_aENF 2006 _bC317 |
|
| 100 | 1 | _aCarrillo Sotomayor, Cilia. | |
| 245 | 1 | 0 |
_aEvaluación de los factores sociales que influyen en la calidad de vida de los adultos mayores del programa Fundacion Mision Medica Familiar del barrio Nuevo Bosque de Cartagena 2006 / _cCilia Carrillo Sotomayor, Merlin Ledezma Blanco ; asesor, Andres Bedoya Ossa. |
| 260 |
_aCartagena de Indias : _bCorporación Universitaria Rafael Núñez, _c2006. |
||
| 300 | _a126 h. | ||
| 336 | _2rdacontent | ||
| 337 |
_2rdamedia _asin mediacion _bn |
||
| 338 |
_2rdacarrier _avolumen _bnc |
||
| 500 | _aIncluye anexos. | ||
| 502 | _aTrabajo de grado (Enfermera (o)). Corporacion Universitaria Rafael Nuñez. Facultad de Ciencias de la Salud. Programa de Enfermeria, 2006. | ||
| 504 | _aIncluye bibliografia. | ||
| 590 | _aEnfemeria | ||
| 650 | 0 |
_aEnfermeria _vTesis y disertaciones academicas. |
|
| 700 | 1 | _aLedesma Blanco, Merlyn. | |
| 700 | 1 |
_aBedoya Ossa, Andres, _easesor. |
|
| 856 | 7 |
_uhttps://unicurn.sharepoint.com/:b:/s/biblioteca/EU43igisRsRCpYj3tOVbVggBz7k1QPUd790i2nhEJ4w-Tg?e=QR4mAz _zClick aqui para ver el recurso en texto completo |
|
| 942 |
_hENF 2006 _iC317 _2ddc _cTG |
||
| 999 |
_c3694 _d3694 |
||